00870 2200289 4500001002100000005001500021035002500036007000300061008004100064020002200105040001700127082001200144084002200156100001600178245013400194250003500328260003600363300003800399650003000437700002200467700000800489850001200497090002100509041000800530999002100538990002100559INLIS00000000002580220190730022320 a0010-021700000000616ta170224s2017 yoia gr j ind d a978-602-391-383-1 aYOPDYOGbind a808.301 aDEP 808.301 Ben S aBenny Arnas aSejumlah alasan mengapa tiap anak sebaiknya melahirkan seorang ibu /cBenny Arnas; penyunting, Muhajjah Saratini; ilustrator, Amo aCetakan Pertama, Februari 2017 aYogyakarta :bDiva Press,c2017 a224 halaman :bilustrasi ;c19 cm aCerita pendek--xkumpulan aMuhajjah Saratini aAmo aYOPDYOG aCB-D.11 2017-040 aind aCB-D.11/2017-040 aCB-D.11/2017-040